书目信息 |
| 题名: |
新编中外晶体管置换手册
|
|
| 作者: | 张维力 , 王京平 编译 | |
| 分册: | ||
| 出版信息: | 北京 人民邮电出版社 1991.03 |
|
| 页数: | 886页 | |
| 开本: | 18cm | |
| 丛书名: | ||
| 单 册: | ||
| 中图分类: | TN36-62 | |
| 科图分类: | ||
| 主题词: | 半导体器件:光电器件 | |
| 电子资源: | ||
| ISBN: | 7-115-03678-0 | |
| 000 | 00639nam0 2200205 45 | |
| 001 | 0409211079 | |
| 005 | 20040923150040.2 | |
| 010 | @a7-115-03678-0@dCNY11.65 | |
| 100 | @a20040921d1991 km y0chiy0120 ea | |
| 101 | 0 | @achi |
| 105 | @a z 000yy | |
| 200 | 1 | @a新编中外晶体管置换手册@AXin Bian Zhong Wai Jing Ti Guan Zhi Huan Shou Ce@f张维力,王京平编译@FZhang Wei Li,Wang Jing Ping Bian Yi |
| 210 | @a北京@c人民邮电出版社@d1991.03 | |
| 215 | @a886页@d18cm | |
| 606 | 0 | @a半导体器件:光电器件 |
| 690 | @aTN36-62@v3 | |
| 701 | 0 | @a张维力@4编译 |
| 701 | 0 | @a王京平@4编译 |
| 801 | @aCN@bTSTCL@c20040921 | |
| 905 | @dTN36-62@e15=2@f1@b247049 | |
| 新编中外晶体管置换手册/张维力,王京平编译.-北京:人民邮电出版社,1991.03 |
| 886页;18cm |
| ISBN 7-115-03678-0:CNY11.65 |
| ● |
| 相关链接 |
|
|
|
|
正题名:新编中外晶体管置换手册
索取号:TN36-62/15=2
 
预约/预借
| 序号 | 登录号 | 条形码 | 馆藏地/架位号 | 状态 | 备注 |
| 1 | 0247049 | 000560128 | 工具书阅览室/ [索取号:TN36-62/15=2] | 在馆 | |
| 2 | 0247050 | 001960382 | 密集书库/ [索取号:TN36-62/15=2] | 在馆 |